000 002320000a22000970004500
100 1 _aMitchell, William
245 1 0 _aDiego Thomson
300 _aVol. 5, Núm 9 (1997), Páginas 57-61
773 0 _tTextos para la acción
942 _cANA
999 _c53236
_d53236